Antología / (Record no. 3114)

MARC details
000 -CABECERA
campo de control de longitud fija 00762nam a2200217 a 4500
005 - FECHA Y HORA DE LA ÚLTIMA TRANSACCIÓN
campo de control 20230511063524.0
008 - ELEMENTOS DE LONGITUD FIJA--INFORMACIÓN GENERAL
campo de control de longitud fija 991125s1993 mx 000 0 spa u
020 ## - NÚMERO INTERNACIONAL NORMALIZADO PARA LIBROS
Número Internacional Estándar del Libro 9683628877
035 ## - NÚMERO DE CONTROL DEL SISTEMA
Número de control de sistema UPN01000003114
049 ## - COLECCIÓN
Colección CG
050 #4 - SIGNATURA TOPOGRÁFICA DE LA BIBLIOTECA DEL CONGRESO
Número de clasificación F1234 F5
Número de documento/Ítem A5 1993
100 1# - ASIENTO PRINCIPAL--NOMBRE PERSONAL
Nombre de persona Flores Magón, Ricardo,
Fechas asociadas al nombre 1873-1922
245 10 - MENCIÓN DE TÍTULO
Título Antología /
Mención de responsabilidad, etc. Ricardo Flores Magón ; introd. y selec. Gonzalo Aguirre Beltrán ; dibs. Alberto Beltrán.
250 ## - MENCIÓN DE EDICIÓN
Mención de edición 4a ed.
260 ## - PUBLICACIÓN, DISTRIBUCIÓN, ETC.
Lugar de publicación, distribución, etc. México :
Nombre del editor, distribuidor, etc. UNAM, Dirección General de Publicaciones,
Fecha de publicación, distribución, etc. 1993.
300 ## - DESCRIPCIÓN FÍSICA
Extensión lvi, 144 p. :
Otras características físicas il.
440 #0 - MENCIÓN DE SERIE/ASIENTO SECUNDARIO--TÍTULO
Título Biblioteca del estudiante universitario ;
Designación de volumen o secuencia 93
651 #4 - ASIENTO SECUNDARIO DE MATERIA - NOMBRE GEOGRAFICO
Nombre geográfico México
Subdivisión general Historia
Subdivisión cronológica Revolución, 1910-1917
9 (RLIN) 223
700 1# - ASIENTO SECUNDARIO--NOMBRE DE PERSONAL
Nombre de persona Aguirre Beltrán, Gonzalo,
Fechas asociadas al nombre 1908-1996
Término indicativo de función/relación comp.
905 ## - TIPO DE MATERIAL
Tipo de material Libro
Holdings
Estado de retiro Estado de pérdida Fuente del sistema de clasificación o colocación Estado dañado No para préstamo Código de colección Localización permanente Ubicación/localización actual Ubicación en estantería Total de préstamos Clasificación Código de barras Fecha visto por última vez Número de copia Tipo de ítem Koha
    Library of Congress Classification     Colección General Bib. Gregorio Torres Quintero Bib. Gregorio Torres Quintero Planta baja 4 F1234 F5 A5 1993 215643 31/12/2020 1 Libro
    Library of Congress Classification     Colección General Bib. Gregorio Torres Quintero Bib. Gregorio Torres Quintero Planta baja 4 F1234 F5 A5 1993 140461 31/12/2020 1 Libro
    Library of Congress Classification     Colección General Bib. Gregorio Torres Quintero Bib. Gregorio Torres Quintero Planta baja 3 F1234 F5 A5 1993 140460 31/12/2020 1 Libro
    Library of Congress Classification     Colección General Bib. Gregorio Torres Quintero Bib. Gregorio Torres Quintero Planta baja 8 F1234 F5 A5 1993 140459 31/12/2020 1 Libro